000 00500nam a22001697a 4500
003 NUST - PNEC
005 20170116181119.0
008 151004b xxu||||| |||| 00| 0 eng d
020 _a0195625609
040 _cLIBRARY
082 _a891.43915 IQB
100 _913420
_aIqbal, Muhammad
245 _aShikwa ; and, Jawab-i-shikwa = Complaint ; and, Answer : Iqbal's dialogue with Allah
_cMuhammad Iqbal
260 _cc.1981
650 _913419
_aUrdu literature
_xGeneral books
942 _2ddc
_cBK
999 _c69505
_d69505